| 000 | 00392nam a2200157Ia 4500 | ||
|---|---|---|---|
| 008 | 230524s9999 xx 000 0 und d | ||
| 082 |
_a658.472 _bKHA |
||
| 100 | _aO.P.Khanna | ||
| 245 | 0 | _aIndustrial Engineering and Management | |
| 250 | _a1ST | ||
| 260 |
_aNEW DELHI _bDhanpat Rai _c2004 |
||
| 300 | _aXXIV;39-13 | ||
| 500 | _aQuantity Number: 4 | ||
| 650 | _aManagement | ||
| 942 | _cBK | ||
| 999 |
_c14303 _d14303 |
||